LEADER 03269nam 22007335 450 001 9910720072303321 005 20251008155126.0 010 $a9783031268137$b(electronic bk.) 010 $z9783031268120 024 7 $a10.1007/978-3-031-26813-7 035 $a(MiAaPQ)EBC7242388 035 $a(Au-PeEL)EBL7242388 035 $a(DE-He213)978-3-031-26813-7 035 $a(OCoLC)1378934517 035 $a(PPN)269656413 035 $a(CKB)26525488500041 035 $a(EXLCZ)9926525488500041 100 $a20230427d2023 u| 0 101 0 $aeng 135 $aurcnu|||||||| 181 $ctxt$2rdacontent 182 $cc$2rdamedia 183 $acr$2rdacarrier 200 10$aCongress on Research, Development, and Innovation in Renewable Energies $eSelected Papers from CIDiER 2022 /$fedited by Mayken Espinoza-Andaluz, Ester Melo Vargas, Jordy Santana Villamar, Ángel Encalada-Dávila 205 $a1st ed. 2023. 210 1$aCham :$cSpringer International Publishing :$cImprint: Springer,$d2023. 215 $a1 online resource (162 pages) 225 1 $aGreen Energy and Technology,$x1865-3537 311 08$aPrint version: Espinoza-Andaluz, Mayken Congress on Research, Development, and Innovation in Renewable Energies Cham : Springer International Publishing AG,c2023 9783031268120 327 $aPreface -- Organization Committee -- Biomass Energy -- Hydraulic Energy -- Hydrogen Energy -- Photovoltaic Energy -- Wind Energy -- Other Energy Sources. 330 $aThe 2022 Congress on Research, Development, and Innovation in Renewable Energies (CIDiER 2022) promotes international collaboration on ideas and dialogue around climate change solutions through research and development that leads to clean energy innovation via renewable energies. The selected papers cover both theoretical and applied research that will strengthen the implementation of renewable energy projects between universities, research centers, and private companies in Latin America. Presents leading-edge research on advancing renewable energy; Promotes international collaboration; Covers biomass, hydraulic, hydrogen, tidal, solar, and wind energy. 410 0$aGreen Energy and Technology,$x1865-3537 606 $aRenewable energy sources 606 $aWind power 606 $aWater-power 606 $aSolar energy 606 $aPhotovoltaic power generation 606 $aSustainability 606 $aRenewable Energy 606 $aWind Energy 606 $aHydroenergy 606 $aSolar Thermal Energy 606 $aPhotovoltaics 606 $aSustainability 615 0$aRenewable energy sources. 615 0$aWind power. 615 0$aWater-power. 615 0$aSolar energy. 615 0$aPhotovoltaic power generation. 615 0$aSustainability. 615 14$aRenewable Energy. 615 24$aWind Energy. 615 24$aHydroenergy. 615 24$aSolar Thermal Energy. 615 24$aPhotovoltaics. 615 24$aSustainability. 676 $a617.51 702 $aEspinoza-Andaluz$b Mayken 801 0$bMiAaPQ 801 1$bMiAaPQ 801 2$bMiAaPQ 912 $a9910720072303321 996 $aCongress on Research, Development, and Innovation in Renewable Energies$93359812 997 $aUNINA